00378nam a2200121 a 4500008004100000020001500041050001600056100003100072245004500103246004300148260005600191350000900247120416s0000 ||||||||||||||||| || u a0813906032 aE 332.2 Nic aNichols, Frederick Doveton10aThomas Jefferson, landscape architecture aFrederick Doveton Nichols [and others] aCharlottesvillebUniversity Press of Virginiac1978 a0.00